Представление документа в формате MARC21

Поле Инд. ПП Название Значение
Тип записи a
Библиографический уровень m
001 Контрольный номер 3fc4ee9a-6ea0-496f-afc9-cdac57f3b7be
005 Дата корректировки 20140226214523.1
008 Кодируемые данные 000426 d
020 a ISBN 5-7762-0045-8
040 a Служба первич. каталог. НБ ТвГУ
041 a Код языка текста rus
080 a Индекс УДК 53(075.8)
084 a Индекс другой классификации/Индекс ББК В3я731-1
090 x Авторский знак Г82
a Полочн. индекс В3
100 1_ a Автор Грибов Лев Александрович
245 0_ a Заглавие Основы физики
b Продолж. заглавия Учеб. для студентов естест.-науч. направлений вузов
c Ответственность Л.А. Грибов, Н.И. Прокофьева
250 a Основные сведения об издании 3.изд.
260 0_ a Место издания Москва
b Издательство Гардарика
c Дата издания 1998
300 a Объем 556,[1] с.
b Иллюстрации/ тип воспроизводства ил.
583 a Действие Получение впервые 136 20.04.2000
k Исполнитель действия Взамен утраченных
583 a Действие Приписка 230 10.06.2002
k Исполнитель действия Взамен утраченных
650 a Основная рубрика Физика
x Основная подрубрика Учебники для вузов
653 a Ключевые слова Физика
700 1_ a Другие авторы Прокофьева Нина Ивановна
852 t Порядковый номер экземпляра 3
p Инвентарный номер 722138 31.00
p Инвентарный номер 747504 37.00
p Инвентарный номер 722139 37.00
888 a Бесплатные
930 a Новая/Ретро учебники
952 p 136.2000 31.00 1 722138
p 136.2000 37.00 1 722139
p 230.2002 37.00 1 747504
c Вид литературы К ру
954 a Дата поступления на обработку 20000421
999 a Подразделение 2 Фил3